000 00784nas a2200253 4500
001 BR8803383
003 BR-BrBNA
005 20231205091152.0
007 ta
008 230509b bl.|||p| |||| 00| 00por d
040 _aBR-BrBNA
_bpor
_cBiblioteca Nacional de Agricultura
041 _a(Pt)
072 _aL73
100 1 _aBatista Neto, R.
100 1 _aLopes, C.W.G.
100 1 _aGrisi, L.
245 1 _aMacromerontes de um coccidia no abomaso de ovinos
246 1 _aMacromeronts of a Coccidia in the abomasum of the ovine
650 _aOVINO
650 _aCOCCIDIOSE
773 0 _tArquivos Fluminenses de Medicina Veterinaria (Brazil)
_xISSN 0102-7794
_g(Apr-Jun 1987), v. 2(2) p. 49-50
_wBR8803383
909 _a202311
_bLúcia
_c55
_dLúcia Elande
942 _2AGRIS
_n0
_cANA
999 _c123299
_d123299